=LDR 00000nam 2200000 4500 =001 INLIS000000000042794 =005 20131008015614 =008 ***********************************Ind** =035 ##$$0010-101300000000716 =041 ##$$a Ind =082 ##$$a 616.994 =090 ##$$a 616.994, Kan k =245 ##$$a Kanker payudara : cara pengobatan alternatif, Dean Ornich...{ et al }; alih bahasa, Luky; editor, Mary Tagliaferri =260 ##$$a 2007 $b Jakarta =300 ##$$a xviii, 494 hlm., ilus, 25 cm =650 ##$$a Payudara - Kanker =700 ##$$a Luky =850 ##$$a NBPNMAT =990 ##$$a 0001/BPAP-NTB/2016